50% Words Quiz Stats

 Plays Quiz Updated Nov 9, 2016

Challenge
Share
Tweet
Embed
Score 0/26 Timer 04:00
3 Plays Today
Clue 4-Letter Word % Correct
Molten volcano outputLAVA
99.1%
Document indicating ownershipDEED
95.2%
A stringed toyYO-YO
94.7%
Outfit for a ballerinaTUTU
94.1%
Noble gas used in lampsNEON
93.6%
A friend in warALLY
93.2%
Seep outOOZE
92.3%
Captain of the USS EnterpriseKIRK
91.8%
Shorthand for a conflict from 1939-1945WWII
89.7%
Microsoft videogame consoleXBOX
89.3%
Oceanic island nationFIJI
88.5%
Sound coming from an apiaryBUZZ
85.7%
Actor KinnearGREG
84.4%
Clue 4-Letter Word % Correct
Leader of the Holy SeePOPE
84.3%
A keyless fluteFIFE
80.8%
Egyptian goddess of natureISIS
79.3%
The bus driver on 'The Simpsons'OTTO
79.3%
Baseball's Georgia Peach TyCOBB
77.7%
Heroine of Rent and La BohèmeMIMI
69.7%
Captain Hook's assistantSMEE
68.5%
A trip to MeccaHAJJ
60.3%
Ice planet in 'The Empire Strikes Back'HOTH
50%
River and valley in western GermanyRUHR
35.7%
Behold the man: ___ homoECCE
35.6%
City in western UkraineLVIV
14.4%
Latin abbr. for the following onesSEQQ
8.5%

You're not logged in!

Compare scores with friends on all Sporcle quizzes.
OR
Log In

You Might Also Like...

Show Comments

Extras

Top Quizzes Today


Score Distribution

Your Account Isn't Verified!

In order to create a playlist on Sporcle, you need to verify the email address you used during registration. Go to your Sporcle Settings to finish the process.

Report this User

Report this user for behavior that violates our Community Guidelines.

Details: